Současná Evropa

Na minha lista:
Detalhes bibliográficos
Formato: Periódico
Idioma:tcheco
Publicado em: Praha Vysoká škola ekonomická v Praze - Nakladatelství Oeconomica 2009
Assuntos:
Tags: Adicionar Tag
Sem tags, seja o primeiro a adicionar uma tag!

MARC

LEADER 00000nas2a2200000 4500
001 0164982
005 20130205142441.3
022 |a 1804-1280 
041 0 |a cze 
044 |a CZ 
245 1 0 |a Současná Evropa 
264 1 |a Praha  |b Vysoká škola ekonomická v Praze - Nakladatelství Oeconomica  |c 2009 
773 0 |w eu_un_cat*0111055 
610 2 0 |a integrácia ekonomická medzinárodná 
610 2 0 |a Európska únia 
610 2 0 |a Česko